000 00640nam a2200217 i 4500
001 C2-0329853
003 PPAK
005 20180728130819.0
008 150202s2000 my |||| ||||| | zxx d
040 _aPPAK
_beng
_cPPAK
_erda
082 0 4 _a928.9923
_223
090 0 0 _a928.9923
_bMAL
_dKIH
245 0 0 _aMalaysian Writer
_bLim Swee Tin awardee of the S.E.A write award 2000
264 1 _aSelangor :
_bDewan Bahasa dan Pustaka ,
_c2000
300 _aiii, 57 pages ;
_c21 cm
336 _2rdacontent
_atext
337 _2rdamedia
_aunmediated
338 _2rdacarrier
_avolume
700 0 _aNurhazizan Talib,
_ecompile
942 _ddc
_cB
999 _c129013
_d129013